Archivo bibliográfico Hispano-Americano. Lo publica la Librería General de Victoriano Suárez. Tomo 1 a 4
-д хадгалсан:
| Үндсэн зохиолч: | |
|---|---|
| Формат: | Ном |
| Хэл сонгох: | испани |
| Хэвлэсэн: |
Madrid
Librería General de Victoriano Suárez, Preciados, 48
1909
|
| Хэвлэл: | 1a. ed |
| Нөхцлүүд: | |
| Шошгууд: |
Шошго нэмэх
Шошго байхгүй, Энэхүү баримтыг шошголох эхний хүн болох!
|
MARC
| LEADER | 00000nam a2200000 a 4500 | ||
|---|---|---|---|
| 001 | UCJ8652 | ||
| 003 | CL-VaPUC | ||
| 008 | 070124e19090000SP |||||||||||||||||spa|d | ||
| 082 | 0 | 4 | |a 010 |b SUA |2 21 |
| 100 | 0 | |a Suárez, Victoriano |e author |9 517537 | |
| 245 | 1 | 0 | |a Archivo bibliográfico Hispano-Americano. Lo publica la Librería General de Victoriano Suárez. Tomo 1 a 4 |
| 250 | |a 1a. ed | ||
| 300 | |a pág. irreg | ||
| 942 | |c BK | ||
| 945 | |d 20070124 00:00:00 |a rinostro | ||
| 260 | |a Madrid |b Librería General de Victoriano Suárez, Preciados, 48 |c 1909 | ||
| 500 | |a Cuatro tomos empastados en un volumen | ||
| 650 | 7 | |a BIBLIOGRAFIA |2 CL-VaPUC |9 256175 | |
| 650 | 7 | |a CATALOGO BIBLIOGRAFICO |2 CL-VaPUC |9 507992 | |
| 583 | |a last modification |c 20070124 00:00:00 |k Rodrigo Vera | ||
| 999 | |c 324322 |d 324320 | ||
| 952 | |0 0 |1 0 |4 0 |6 010_000000000000000_SUA_1909 |7 0 |8 X |9 404412 |a FDOBUD |b FDOBUD |d 2019-11-22 |i 1081802 |o 010 SUA 1909 |p 1081802 |r 2019-11-22 |w 2019-11-22 |y BK_X |k BUD | ||